000 00264nam a22001217a 4500
040 _cSY
082 _a632
100 _aLINA L. IIag
245 _aLearning the principles of plant pathology
260 _aUPLB
_bLINA L. IIag
_c2002
300 _a267P.
942 _cEK
999 _c8808
_d8808